Geografia per immagini - R - Statistics

Statistiche generali
  • Questo quiz è stato fatto 2.092 volte
  • Il punteggio medio è 10 su 18
Statistiche sulle risposte
con Immagini Hint Risposta % Corretto
capitale Roma
99%
città Rio de Janeiro
73%
monumento Monte {Rushmore}
72%
paese Romania
70%
capitale Reykjavík
63%
capitale Riga
61%
fiume Reno
59%
catena montuosa Montagne {Rocciose}
57%
stato degli U.S.A. Rhode Island
56%
città Rotterdam
55%
edificio {Reich}stag
50%
massiccio Monte {Rosa}
47%
capitale Riad
46%
isola (nome indigeno) {Rapa} Nui
45%
capitale Rabat
39%
movimento religioso Rastafari
37%
piattaforma glaciale (in rosso) Barriera di {Ross}
25%
città (vecchio nome) Rangoon
21%
Nessun quiz corrispondente trovato
Distribuzione punteggi
Percentuale di utenti per punteggio
Percentile per numero di risposta
I tuoi punteggi nel tempo
Non hai fatto questo quiz